000 00189 a2200097 4500
001 2696
100 _aLudwig, E
245 _aNapolion
260 _a
_bGeorge Allen
_c
090 _c1992
_d1992
942 _aNUST-CAE
_cM
_c11024
999 _c237769
_d237769